Alternative land use (Record no. 61886)
[ view plain ]
| 000 -LEADER | |
|---|---|
| fixed length control field | 00891cam a2200265 4500 |
| 001 - CONTROL NUMBER | |
| control field | ABS61620 |
| 008 - FIXED-LENGTH DATA ELEMENTS--GENERAL INFORMATION | |
| fixed length control field | 000000n1999 000 0 eng u |
| 035 ## - SYSTEM CONTROL NUMBER | |
| System control number | (Sirsi) u102998 |
| 245 ## - TITLE STATEMENT | |
| Title | Alternative land use |
| 260 ## - PUBLICATION, DISTRIBUTION, ETC. | |
| Date of publication, distribution, etc. | 1999 |
| 490 ## - SERIES STATEMENT | |
| Series statement | Farm Development Review |
| Volume/sequential designation | 13(9) July 1999 (8) (LOAN) |
| 520 ## - SUMMARY, ETC. | |
| Summary, etc. | Includes articles on organic farming, agricultural spares franchises, paintball games, christmas tree production, the Agriculture Development Scheme 1999 and the EU's rural development programme. |
| 590 ## - LOCAL NOTE (RLIN) | |
| Local note | ABS |
| 600 ## - SUBJECT ADDED ENTRY--PERSONAL NAME | |
| Personal name | FARM DIVERSIFICATION |
| 650 ## - SUBJECT ADDED ENTRY--TOPICAL TERM | |
| Topical term or geographic name entry element | ORGANIC FARMING |
| 650 ## - SUBJECT ADDED ENTRY--TOPICAL TERM | |
| Topical term or geographic name entry element | CHRISTMAS TREES |
| 650 ## - SUBJECT ADDED ENTRY--TOPICAL TERM | |
| Topical term or geographic name entry element | PAINTBALLING |
| 650 ## - SUBJECT ADDED ENTRY--TOPICAL TERM | |
| Topical term or geographic name entry element | FARM MACHINERY |
| 650 ## - SUBJECT ADDED ENTRY--TOPICAL TERM | |
| Topical term or geographic name entry element | OBJECTIVE 5(B) FUNDING |
| 650 ## - SUBJECT ADDED ENTRY--TOPICAL TERM | |
| Topical term or geographic name entry element | RURAL DEVELOPMENT PROGRAMMES |
| 650 ## - SUBJECT ADDED ENTRY--TOPICAL TERM | |
| Topical term or geographic name entry element | EUROPEAN UNION |
| 650 ## - SUBJECT ADDED ENTRY--TOPICAL TERM | |
| Topical term or geographic name entry element | AGRICULTURE DEVELOPMENT SCHEME |
| 690 ## - LOCAL SUBJECT ADDED ENTRY--TOPICAL TERM (OCLC, RLIN) | |
| Topical term or geographic name as entry element | RURAL PRACTICE |
| 942 ## - ADDED ENTRY ELEMENTS (KOHA) | |
| Suppress in OPAC | 0 |
| Withdrawn status | Lost status | Source of classification or shelving scheme | Damaged status | Not for loan | Home library | Current library | Shelving location | Date acquired | Total Checkouts | Full call number | Barcode | Date last seen | Date last checked out | Copy number | Price effective from | Koha item type |
|---|---|---|---|---|---|---|---|---|---|---|---|---|---|---|---|---|
| Dewey Decimal Classification | London | London | Journal article | 02/12/1999 | 3 | ABS61620 | 30059077 | 06/08/2019 | 02/11/2001 | 1 | 06/08/2019 | Journal article |